Statistics for Radiohead Songs

Click here to take the quiz!

General Stats

  • This quiz has been taken 1,447 times
    (1,446 since last reset)
  • The average score is 48 of 89

Answer Stats

Hint Answer % Correct
Creep
94%
Paranoid Android
90%
Karma Police
87%
The Bends
84%
Kid A
80%
Fake Plastic Trees
79%
Airbag
78%
2 + 2 = 5 (The Lukewarm.)
77%
No Surprises
77%
Everything in its Right Place
75%
Street Spirit (Fade Out)
75%
Exit Music (For a Film)
72%
High and Dry
71%
Pyramid song
71%
Just
71%
Fitter Happier
69%
Idioteque
68%
The National Anthem
67%
Let Down
67%
Lucky
67%
Subterranean Homesick Alien
66%
The Tourist
66%
Nude
66%
You
65%
My iron Lung
65%
There There (The Boney King of Nowhere.)
64%
Lotus Flower
64%
Weird Fishes/Arpeggi
64%
Planet Telex
64%
Electioneering
63%
Climbing Up the Walls
62%
Reckoner
62%
Videotape
62%
Morning Bell/Amnesiac
61%
Morning Bell
61%
How to Disappear Completely
60%
15 Steps
60%
House of Cards
59%
Anyone Can Play Guitar
59%
Black Star
57%
Bodysnatchers
56%
Jigsaw Falling into Place
56%
Optimistic
56%
Treefingers
55%
All I Need
54%
Pakt Like Sardines in a Crushed Tin Box
54%
Knives Out
53%
Motion Picture soundtrack
52%
Bloom
51%
(Nice Dream)
51%
Codex
49%
Bones
49%
You and Whose Army?
48%
In Limbo
47%
A Wolf at the Door (It Girl. Rag Doll.)
47%
Bullet Proof...I wish I Was
46%
Faust Arp
46%
Sail to the Moon (Brush the Cobwebs Out of the sky.)
46%
Morning Mr Magpie
45%
Sulk
44%
Like spinning Plates
44%
Life in a Glasshouse
44%
I Might Be Wrong
43%
Pulk/Pull Revolving Doors
43%
Myxomatosis (Judge, Jury & Executioner.)
42%
The Gloaming (Softly Open Our Mouths in the Cold.)
42%
Sit Down. Stand Up. (Snakes and Ladders.)
41%
Separator
41%
Feral
40%
Hunting Bears
40%
Give Up the Ghost
38%
Little by Little
37%
I Will (No Man's Land.)
36%
We Suck Young Blood (Your Time Is Up.)
36%
Dollars and Cents
36%
A Punchup at a Wedding (No No No No No No No No.)
36%
Go to Sleep (Little Man Being Erased.)
35%
Where I End and You Begin (The Sky is Falling In.)
35%
Blow Out
32%
Scatterbrain(As Dead as Leaves
32%
Vegetable
31%
Backdrifts (Honeymoon Is Over.)
31%
Stop Whispering
30%
Lurgee
30%
How Do You?
29%
Thinking About You
27%
Ripcord
26%
I can't
21%
Prove Yourself
21%

Score Distribution

Percentile by Number Answered

Percent of People with Each Score

Your Score History

You have not taken this quiz since the last reset